L'Egypte /

Saved in:

Corporate Author: Egypt. Tourism and Exhibitions Administration.

Format: Book

Language: French

Published: [Le Caire, 1947].

Subjects:

Tags: Add Tag

No Tags, Be the first to tag this record!

Call Number: DT49 .A2515 1947

LEADER 00671cam a2200205Mi 4500
001 ocn494471943
003 OSt
005 20260324103016.0
008 081023s1947 ua a 000 0 fre d
040 |c ARCE Library 
050 4 |a DT49 .A2515 1947 
110 1 |a Egypt.   |b Tourism and Exhibitions Administration. 
245 1 2 |a L'Egypte /   |c Administration du tourisme et de la propagande de l'État Égyptien, Ministère du commerce et de l'industrie. 
264 1 |a [Le Caire,   |c 1947]. 
300 |a 134 pages :   |b illus. ;   |c 23 cm. 
651 0 |a Egypt   |x Description and travel. 
651 0 |a Egypt   |x Economic conditions. 
901 |a reviewed 
942 |2 lcc  |c BK 
999 |c 55576  |d 55576